Victoria 3 Nations - Statistics

General Stats
  • This quiz has been taken 22 times
  • The average score is 15 of 16
Answer Stats
Picture Answer % Correct
Austria
100%
Brazil
100%
France
100%
Great Britain
100%
Netherlands
100%
Ottoman Empire
100%
Prussia
100%
Spain
100%
Sweden
100%
United States
100%
Persia
95%
Siam
95%
East India
85%
Russia
85%
Japanese Shogunate
70%
Great Qing
30%
No matching quizzes found
Score Distribution
Percent of People with Each Score
Percentile by Number Answered
Your Score History
You have not taken this quiz